000 01048cam a2200265 i 4500
001 17768269
005 20201128021223.0
008 130607s2014 njua b 001 0 eng
010 _a2013016213
020 _a9781118458341 (pbk.)
040 _aDLC
_beng
_cDLC
_dDLC
082 0 0 _a690
_222
_bCHI
100 1 _aChing, Francis D. K.,
_d1943-
_91191
245 1 0 _aBuilding construction illustrated /
_cFrancis D. K. Ching.
250 _a5th ed.
260 _aHoboken, New Jersey :
_bJohn Wiley & Sons,
_cc.2014.
300 _a[Various pagings] :
_bill. ;
_c28 cm.
504 _aIncludes bibliographical references and index.
520 _a"This new edition of the revered classic remains as relevant as ever, providing the latest information in Francis D.K. Ching's signature style. Its rich and comprehensive approach clearly presents all of the basic concepts underlying building construction"--
650 0 _aBuilding.
650 0 _aHouse construction.
_922078
653 _bENGARC
_cMarch2015
655 _vtext book
_933728
942 _2ddc
999 _c19044
_d19016